Vývoz a propagace spotřebního zboží

Na minha lista:
Detalhes bibliográficos
Autor principal: Kachlík, Alfons
Outros Autores: Červený, Zdeněk
Formato: Livro
Idioma:tcheco
Publicado em: Praha Československá obchodní a průmyslová komora 1988
Colecção:Otázky obchodní techniky
Tags: Adicionar Tag
Sem tags, seja o primeiro a adicionar uma tag!

MARC

LEADER 00000nam a2200000 4500
001 c034376
005 20250515083640.4
041 0 |a cze 
044 |a CZ 
245 1 0 |a Vývoz a propagace spotřebního zboží  |c Alfons Kachlík, Zdeněk Červený 
264 1 |a Praha  |b Československá obchodní a průmyslová komora  |c 1988 
300 |a 89 s. 
490 1 |a Otázky obchodní techniky 
830 0 |a Otázky obchodní techniky 
100 1 |a Kachlík, Alfons 
700 1 |a Červený, Zdeněk